Cytomorphometric comparison between low-grade-squamous intraepithelial lesion (LGSIL) and high-grade squamous intraepithelial lesion (HGSIL) /
Saved in:
| Main Author: | |
|---|---|
| Format: | Thesis Book |
| Language: | English |
| Published: |
2004.
|
| Tags: |
Add Tag
No Tags, Be the first to tag this record!
|
| LEADER | 00816cam a2200193 4500 | ||
|---|---|---|---|
| 001 | u706972 | ||
| 003 | SIRSI | ||
| 008 | 050603 2005 my 000 0 eng | ||
| 040 | |a UMP | ||
| 096 | |a QZ4 |b UM 2004 Cha | ||
| 100 | 1 | 0 | |a Chandran, Patricia Ann. |
| 245 | 1 | 0 | |a Cytomorphometric comparison between low-grade-squamous intraepithelial lesion (LGSIL) and high-grade squamous intraepithelial lesion (HGSIL) / |c Patricia Ann Chandran. |
| 260 | |c 2004. | ||
| 300 | |a vi, 60 leaves : |b ill. ; |c 30 cm. | ||
| 502 | |a Dissertation (M.Path) -- Department of Pathology, Faculty of Medicine, University of Malaya, 2004. | ||
| 504 | |a Bibliography: leaves 57-60. | ||
| 710 | 2 | 0 | |a Universiti Malaya. |b Jabatan Patologi. |
| 596 | |a 2 | ||
| 999 | |a QZ4 UM 2004 CHA |w NLM |c 1 |i A502726438 |d 30/9/2005 |f 30/9/2005 |g 1 |l TESIS |m P02MEDKL |r Y |s Y |t TESIS |u 30/9/2005 | ||
